000 00265nam a2200121Ia 4500
008 190216s9999||||xx |||||||||||||| ||und||
100 _aRamesh Chandra Shah
245 0 _aHindi-Samay Samavathi
260 _bSurya
300 _a208
650 _aHindi
942 _cBK
999 _c16220
_d16220